Statistics for Capital Cities Tile Quiz

Click here to take the quiz!

General Stats

  • This quiz has been taken 62 times
  • The average score is 66 of 80

Answer Stats

QuestionTileSelect% Correct
Capital cities starting with the letter BBangaloreNo
100%
Capital cities starting with the letter BBarcelonaNo
100%
European capital citiesBaselNo
100%
Capital cities starting with the letter BBelo HorizonteNo
100%
Capital cities starting with the letter BBostonNo
100%
European capital citiesLiegeNo
100%
European capital citiesLisbonYes
100%
European capital citiesLjubljanaYes
100%
European capital citiesMadridYes
100%
European capital citiesOsloYes
100%
European capital citiesPragueYes
100%
European capital citiesReykjavikYes
100%
European capital citiesVaduzYes
100%
European capital citiesWarsawYes
100%
Capital cities starting with the letter BBerlinYes
98%
Capital cities starting with the letter BBrusselsYes
98%
Capital cities starting with the letter BBucharestYes
98%
Capital cities starting with the letter BBudapestYes
98%
European capital citiesLondonYes
98%
European capital citiesMilanNo
98%
European capital citiesZagrebYes
98%
Capital cities starting with the letter BBaghdadYes
96%
Capital cities starting with the letter BBakuYes
96%
Capital cities starting with the letter BBeijingYes
96%
Capital cities starting with the letter BBelgradeYes
96%
Capital cities starting with the letter BBernYes
96%
Capital cities starting with the letter BBrasiliaYes
96%
European capital citiesBratislavaYes
96%
North American capital citiesTijuanaNo
96%
European capital citiesZurichNo
96%
Capital cities starting with the letter BBratislavaYes
95%
Capital cities starting with the letter BBuenos AiresYes
95%
North American capital citiesEcatepecNo
95%
North American capital citiesLos AngelesNo
95%
North American capital citiesMexico CityYes
95%
North American capital citiesNew YorkNo
95%
North American capital citiesTorontoNo
95%
North American capital citiesVancouverNo
95%
European capital citiesChisinauYes
93%
North American capital citiesHavanaYes
93%
North American capital citiesPanama CityYes
93%
North American capital citiesOttawaYes
91%
North American capital citiesPort-au-PrinceYes
91%
North American capital citiesPort of SpainYes
91%
Capital cities 5,000,000+ populationBeijingYes
89%
North American capital citiesKingstonYes
89%
Capital cities 5,000,000+ populationLondonYes
89%
North American capital citiesWashingtonYes
89%
Capital cities 5,000,000+ populationTokyoYes
87%
North American capital citiesBridgetownYes
85%
Capital cities 5,000,000+ populationWarsawNo
85%
Capital cities 5,000,000+ populationCairoYes
82%
Capital cities 5,000,000+ populationJakartaYes
82%
Capital cities of Rugby World Cup 2019 nationsCanberraYes
80%
Capital cities of Rugby World Cup 2019 nationsParisYes
80%
North American capital citiesSan JoseYes
80%
Capital cities of Rugby World Cup 2019 nationsSt PetersburgNo
80%
Capital cities of Rugby World Cup 2019 nationsWellingtonYes
78%
Capital cities of Rugby World Cup 2019 nationsYokohamaNo
78%
Capital cities 5,000,000+ populationKinshasaYes
71%
Capital cities 5,000,000+ populationTehranYes
71%
Capital cities 5,000,000+ populationBogotáYes
67%
Capital cities 5,000,000+ populationLimaYes
65%
Capital cities of Rugby World Cup 2019 nationsRomeYes
65%
Capital cities 5,000,000+ populationBerlinNo
64%
Capital cities of Rugby World Cup 2019 nationsBuenos AiresYes
64%
Capital cities 5,000,000+ populationRomeNo
64%
Capital cities of Rugby World Cup 2019 nationsBucharestNo
62%
Capital cities of Rugby World Cup 2019 nationsMadridNo
58%
Capital cities of Rugby World Cup 2019 nationsOttawaYes
58%
Capital cities of Rugby World Cup 2019 nationsWashingtonYes
55%
Capital cities of Rugby World Cup 2019 nationsSuvaYes
51%
Capital cities 5,000,000+ populationBrasiliaNo
45%
Capital cities of Rugby World Cup 2019 nationsWindhoekYes
45%
Capital cities of Rugby World Cup 2019 nationsMontevideoYes
44%
Capital cities of Rugby World Cup 2019 nationsTbilisiYes
42%
Capital cities of Rugby World Cup 2019 nationsApiaYes
40%
Capital cities 5,000,000+ populationSantiagoYes
36%
Capital cities 5,000,000+ populationParisNo
16%
Capital cities 5,000,000+ populationBuenos AiresNo
15%

Score Distribution

Percentile by Number Answered

Percent of People with Each Score

Your Score History

You have not taken this quiz